| 000 | 01383nam0a22002891 4500 | ||
|---|---|---|---|
| 001 | rc\3989800 | ||
| 005 | 20260407111605.0 | ||
| 021 |
_aRU _b[56-24410] |
||
| 035 | _a(NLR Aleph) 008066565 | ||
| 090 |
_a9036457 _c9036457 |
||
| 100 | _a20130415d1956 |||y0rusy50 ca | ||
| 101 | 0 | _arus | |
| 102 | _aRU | ||
| 105 | _ay z ||||| | ||
| 200 | 1 |
_aЭлектролитическая полировка металлов _e(Рек. список литературы) _fПод ред. инж. Л.Я. Богорад _gВсесоюз. о-во по распространению полит. и науч. знаний. Науч.-техн. б-ка |
|
| 210 |
_aЛенинград _cБ. и. _d1956 |
||
| 215 |
_a24 с. _d21 |
||
| 300 | _aСост. указан в конце текста: библиограф. Н.Я. Ювачева | ||
| 606 |
_aПолирование металлов, электролитическое _jБиблиография _2psbo |
||
| 700 | 1 |
_aЮвачева _bН.Я. _gНадежда Яковлевна _4220 |
|
| 702 | 1 |
_aБогорад _bЛ.Я. _4340 |
|
| 712 | 0 | 2 |
_aЛенинградский дом научно-технической пропаганды _bНаучно-техническая библиотека _3RU\NLR\AUTH\889939285 _9373442 |
| 801 | 0 |
_aRU _bNLR _gpsbo |
|
| 801 | 1 |
_aRU _bELAR _2rusmarc |
|
| 852 |
_aNLR _jС337-660/Ю-14 |
||
| 942 | _cBOOK | ||
| 980 | _aNB | ||